000 00416nam a2200145Ia 4500
008 230711s9999||||xx |||||||||||||| ||und||
041 _aENG
082 _a621
_bDE-G
100 _aDeo,Narsingh
245 0 _aGraph theory with applications to engineering and computer science
250 _a1st Ed.
260 _c1974
_aNew Delhi
_bPrentice-Hall of India Private Limited
650 _aComputer Engineering
942 _cBK
999 _c1329
_d1329